=LDR 00000nam 2200000 4500 =001 INLIS000000000041692 =005 20130612151217 =008 ***********************************Ind** =035 ##$$0010-061300000041692 =041 ##$$a Ind =082 ##$$a 664.09 =090 ##$$a 664.09, Suy D =100 ##$$a Suyitni =245 ##$$a Dasar-dasar Pengemasan =260 ##$$a 1996 $b Jakarta =300 ##$$a v, 54 hlm, Ilus, 20 cm =850 ##$$a NBPNMAT